| 000 | 00337nam a2200133Ia 4500 | ||
|---|---|---|---|
| 008 | 231129s1965||||xx |||||||||||||| ||spa|| | ||
| 040 | _bspa | ||
| 082 | _aM863 H557v | ||
| 100 | _aHernandez Luisa Josefina | ||
| 245 | 0 | _aEl valle que elegimos Luisa Josefina Hernandez | |
| 260 | _c1965 | ||
| 264 | _aJoaquin Mortiz | ||
| 942 |
_2ddc _cBKS |
||
| 999 |
_c12644 _d12644 |
||